[Event "Solingen-ch 2013"]
[Site "Solingen"]
[Date "2013.11.08"]
[Round "5.7"]
[White "Grah, Uli"]
[Black "Boschek, Dr. Hans-Joachim"]
[Result "0-1"]
[WhiteElo "1809"]
[BlackElo "1921"]
[PlyCount "69"]
[EventDate "2013.??.??"]
[EventRounds "7"]
[WhiteTeam "SG Solingen e.V."]
[BlackTeam "SV 1922 Hilden"]

1. e4 c5 2. Nf3 e6 3. d4 cxd4 4. Nxd4 Nc6 5. Nc3 a6 6. f4 Qc7 7. Be2 b5 8. Nxc6
Qxc6 9. Bf3 Bb7 10. e5 Qb6 11. Bxb7 Qxb7 12. Qe2 f5 13. O-O Bc5+ 14. Be3 Bxe3+
15. Qxe3 Qa7 16. Kf2 Qxe3+ 17. Kxe3 Rc8 18. a3 Ne7 19. Rfd1 Rc6 20. Rd2 Nc8 21.
Ne2 Nb6 22. b3 Ke7 23. g3 Nd5+ 24. Kf2 Rhc8 25. Nd4 R6c7 26. Nxf5+ exf5 27.
Rxd5 Rxc2+ 28. Kg1 Rc1+ 29. Rxc1 Rxc1+ 30. Kg2 Ra1 31. a4 bxa4 32. Ra5 Ra2+ 33.
Kh3 axb3 34. Rc5 b2 35. Rc2 0-1

[Event "Solingen-ch 2013"]
[Site "Solingen"]
[Date "2013.11.08"]
[Round "5.8"]
[White "Fränzel, Dr. Marius"]
[Black "Beyer, Fabian"]
[Result "0-1"]
[WhiteElo "1687"]
[BlackElo "1979"]
[PlyCount "48"]
[EventDate "2013.??.??"]
[EventRounds "7"]
[WhiteTeam "SG Solingen e.V."]
[BlackTeam "SG Solingen e.V."]

1. e4 c6 2. d4 d5 3. exd5 cxd5 4. c4 Nf6 5. Nc3 Nc6 6. Bg5 e6 7. Nf3 Be7 8. Bd3
O-O 9. O-O dxc4 10. Bxc4 b6 11. a3 Bb7 12. Ba2 Nd5 13. Bxe7 Ncxe7 14. Ne5 Nf4
15. Qd2 Nxg2 16. f3 Nh4 17. Qf2 Neg6 18. Qe3 Nf5 19. Nxf7 Nxe3 20. Nxd8 Raxd8
21. Bxe6+ Kh8 22. Rfe1 Nc2 23. d5 Nxa1 24. Rxa1 Nf4 0-1

[Event "Solingen-ch 2013"]
[Site "Solingen"]
[Date "2013.11.08"]
[Round "5.9"]
[White "Meckel, Helmut"]
[Black "Mentzel, Markus"]
[Result "0-1"]
[WhiteElo "1831"]
[BlackElo "1760"]
[PlyCount "134"]
[EventDate "2013.??.??"]
[EventRounds "7"]
[WhiteTeam "SG Solingen e.V."]
[BlackTeam "SG Solingen e.V."]

1. b4 Nf6 2. Bb2 e6 3. b5 a6 4. a4 axb5 5. axb5 Rxa1 6. Bxa1 d5 7. e3 c5 8. Nf3
Bd6 9. c4 Nbd7 10. Nc3 b6 11. Qb3 Bb7 12. Be2 O-O 13. cxd5 exd5 14. d4 c4 15.
Qc2 Qe7 16. O-O Ra8 17. Bb2 Bb4 18. Nd2 Nf8 19. Ra1 Rxa1+ 20. Bxa1 Ne6 21. Na4
Qd7 22. Nxc4 dxc4 23. Qxc4 Ba5 24. Bf3 Bxf3 25. gxf3 Qc7 26. Qxc7 Nxc7 27. e4
Nxb5 28. d5 Kf8 29. Kf1 Ke7 30. Ke2 Nc7 31. d6+ Kxd6 32. e5+ Ke6 33. exf6 g6
34. Kd3 Nd5 35. Bd4 Kf5 36. Kc4 Nxf6 37. Nxb6 Bxb6 38. Bxb6 Nd7 39. Bc7 Ne5+
40. Kd4 Nxf3+ 41. Ke3 Ng5 42. f3 Ne6 43. Bd6 f6 44. h4 h5 45. Be7 Ng7 46. Bd6
Ke6 47. Bb8 Nf5+ 48. Ke4 Nxh4 49. f4 Nf5 50. Ba7 Nd6+ 51. Kf3 Kf5 52. Bf2 Ne4
53. Be1 Nc5 54. Bf2 Ne6 55. Be3 h4 56. Bf2 Nxf4 57. Bxh4 g5 58. Be1 Ng6 59. Kg3
Ne5 60. Bd2 Ke4 61. Bc1 g4 62. Bh6 f5 63. Bc1 Nd3 64. Bh6 Nc5 65. Bg5 Ne6 66.
Bh6 Nd4 67. Bg5 Kd3 0-1

[Event "Solingen-ch 2013"]
[Site "Solingen"]
[Date "2013.11.08"]
[Round "5.10"]
[White "Skiber, Friedel"]
[Black "Kopernok, Ingo"]
[Result "1-0"]
[WhiteElo "1729"]
[BlackElo "1058"]
[PlyCount "65"]
[EventDate "2013.??.??"]
[EventRounds "7"]
[WhiteTeam "SG Solingen e.V."]
[BlackTeam "SG Solingen e.V."]

1. e4 b6 2. d4 Bb7 3. Nc3 e6 4. Nf3 Nf6 5. Bd3 Bb4 6. Qe2 h6 7. O-O Be7 8. e5
Nd5 9. Nb5 Bg5 10. c4 Nf4 11. Qd1 Nxd3 12. Qxd3 Bxc1 13. Raxc1 a6 14. Nc3 d6
15. Rfe1 Nd7 16. d5 Qe7 17. dxe6 Nc5 18. exf7+ Kxf7 19. Qf5+ Kg8 20. exd6 Qxd6
21. Rcd1 Qf8 22. Qg4 Bxf3 23. gxf3 Rd8 24. Nd5 Rh7 25. b4 g6 26. bxc5 bxc5 27.
Re6 Rd6 28. Rde1 Rxe6 29. Rxe6 Rg7 30. Nf6+ Kf7 31. Rc6 Qe7 32. Qf4 g5 33. Qf5
1-0

[Event "Solingen-ch 2013"]
[Site "Solingen"]
[Date "2013.11.08"]
[Round "5.11"]
[White "Müller, Ernst"]
[Black "Krämer, Roland"]
[Result "1-0"]
[WhiteElo "1586"]
[BlackElo "1637"]
[PlyCount "93"]
[EventDate "2013.??.??"]
[EventRounds "7"]
[WhiteTeam "SG Solingen e.V."]
[BlackTeam "SF Josefsheim Bigge"]

1. e4 c5 2. Nf3 d6 3. c3 Nf6 4. Na3 Nxe4 5. Qa4+ Nc6 6. Qxe4 g6 7. Bb5 Bd7 8.
Qe2 Bg7 9. Nc4 O-O 10. Ne3 a6 11. Ba4 b5 12. Bc2 f5 13. O-O f4 14. Nd1 e6 15.
d3 Qf6 16. h3 Rae8 17. Nh2 e5 18. f3 Ne7 19. Nf2 Nf5 20. Ne4 Qh4 21. Qf2 Qe7
22. Re1 d5 23. Nxc5 Ng3 24. Nxd7 Qxd7 25. Bb3 Kh8 26. Nf1 Nf5 27. Kh2 Bf6 28.
Rd1 Qd6 29. Bd2 Bh4 30. Qg1 a5 31. Be1 Bd8 32. Bf2 Qc6 33. a4 b4 34. cxb4 axb4
35. Rdc1 Qb7 36. Rc5 d4 37. Rac1 Ne3 38. Nd2 Rf5 39. Ne4 Be7 40. Rb5 Qa6 41.
Be1 g5 42. Rc7 g4 43. Rbb7 gxh3 44. gxh3 Qxd3 45. Rxe7 Qe2+ 46. Nf2 Nf1+ 47.
Qxf1 1-0

[Event "Solingen-ch 2013"]
[Site "Solingen"]
[Date "2013.11.08"]
[Round "5.12"]
[White "Nguyen, Gia Huy Philipp"]
[Black "Kissing, Bastian"]
[Result "0-1"]
[WhiteElo "1625"]
[BlackElo "1577"]
[PlyCount "114"]
[EventDate "2013.??.??"]
[EventRounds "7"]
[WhiteTeam "SG Solingen e.V."]
[BlackTeam "SC Tornado Wuppertal 199"]

1. e4 c5 2. Nf3 d6 3. d4 cxd4 4. Nxd4 Nf6 5. Nc3 a6 6. Bg5 e6 7. f4 Qc7 8. Qe2
Nbd7 9. O-O-O b5 10. g4 Bb7 11. Bg2 Qc4 12. Qxc4 bxc4 13. Bf3 Be7 14. Rhe1 O-O
15. e5 Bxf3 16. Nxf3 Nd5 17. Nxd5 Bxg5 18. Nxg5 exd5 19. exd6 Nf6 20. h3 Rad8
21. Nf3 Rxd6 22. Nd4 g6 23. f5 Ne4 24. fxg6 fxg6 25. Re3 Nf2 26. Rf1 Nd3+ 27.
cxd3 Rxf1+ 28. Kd2 Rf2+ 29. Kc3 cxd3 30. Rxd3 Rb6 31. Nb3 Rbf6 32. Nd2 Rc6+ 33.
Kb3 Rh2 34. Nf1 Rf2 35. Nd2 Re2 36. Rxd5 Re3+ 37. Ka4 Rxh3 38. g5 Rc2 39. b3
Rxa2+ 40. Kb4 Rg3 41. Nc4 Rag2 42. Rd8+ Kf7 43. Rd7+ Ke6 44. Rxh7 Rxg5 45. Ra7
a5+ 46. Nxa5 Ra2 47. Ra6+ Kf7 48. Ra7+ Kg8 49. Nc6 Rxa7 50. Nxa7 Rf5 51. Nc6
Kf7 52. Nd4 Rf2 53. Kc4 g5 54. b4 g4 55. Kd3 g3 56. Ke3 Rf6 57. b5 g2 0-1

[Event "Solingen-ch 2013"]
[Site "Solingen"]
[Date "2013.11.08"]
[Round "5.13"]
[White "Falge, Rainer"]
[Black "Sherif, Malik"]
[Result "1/2-1/2"]
[WhiteElo "1731"]
[BlackElo "1454"]
[PlyCount "94"]
[EventDate "2013.??.??"]
[EventRounds "7"]
[WhiteTeam "SG Solingen e.V."]
[BlackTeam "SG Solingen e.V."]

1. e4 e5 2. Nf3 Nf6 3. Nc3 Nc6 4. Bc4 Bb4 5. d3 d6 6. h3 h6 7. Bd2 O-O 8. a3
Ba5 9. b4 Bb6 10. Ne2 Re8 11. c3 Be6 12. Bb3 Qd7 13. a4 a6 14. a5 Ba7 15. Bc2
d5 16. Ba4 Qd6 17. Ng3 dxe4 18. Bxc6 bxc6 19. Nxe4 Nxe4 20. dxe4 c5 21. O-O
cxb4 22. cxb4 Rad8 23. Qc2 f6 24. Rad1 Qe7 25. Rc1 Rd7 26. Qc6 Qd6 27. Rc2 Qxc6
28. Rxc6 Rd6 29. Rxc7 Bb8 30. Rc3 Bd7 31. Be3 Bb5 32. Rfc1 Kf7 33. Nd2 Red8 34.
R1c2 R6d7 35. Nc4 Rd3 36. Na3 Ba4 37. Rc1 Rd1+ 38. Kh2 Rxc1 39. Rxc1 Bd6 40.
Bc5 Rc8 41. Nb1 Bb5 42. Nd2 Ke6 43. Kg1 Kd7 44. Nf1 Bxc5 45. bxc5 Bxf1 46. Kxf1
Kc6 47. Ke2 Rd8 1/2-1/2

[Event "Solingen-ch 2013"]
[Site "Solingen"]
[Date "2013.11.08"]
[Round "5.14"]
[White "Ehringfeld, Michael"]
[Black "Wolf, Wieland"]
[Result "1/2-1/2"]
[WhiteElo "1360"]
[BlackElo "1313"]
[PlyCount "46"]
[EventDate "2013.??.??"]
[EventRounds "7"]
[WhiteTeam "SG Solingen e.V."]
[BlackTeam "SG Solingen e.V."]

1. d4 Nf6 2. Nf3 g6 3. Bg5 Bg7 4. Bxf6 Bxf6 5. e3 O-O 6. Bd3 d6 7. Nbd2 b6 8.
O-O Bb7 9. Re1 Nd7 10. c3 Rc8 11. e4 c5 12. Qe2 Bg7 13. Rac1 Re8 14. Ba6 Bxa6
15. Qxa6 Rc7 16. Qd3 Nf8 17. b4 Qd7 18. a3 Rec8 19. bxc5 dxc5 20. d5 Qd6 21. c4
Be5 22. Nxe5 Qxe5 23. Nf3 Qg7 1/2-1/2

[Event "Solingen-ch 2013"]
[Site "Solingen"]
[Date "2013.11.08"]
[Round "5.17"]
[White "Barche, Uwe"]
[Black "Barche, Robert"]
[Result "1/2-1/2"]
[WhiteElo "1187"]
[BlackElo "1257"]
[PlyCount "31"]
[EventDate "2013.??.??"]
[EventRounds "7"]
[WhiteTeam "SG Solingen e.V."]
[BlackTeam "SG Solingen e.V."]

1. e4 c5 2. Nf3 Nc6 3. Bb5 d6 4. O-O Bg4 5. h3 Bxf3 6. Bxc6+ bxc6 7. Qxf3 e5 8.
Na3 Nf6 9. d3 d5 10. Bg5 Be7 11. Bxf6 Bxf6 12. c4 d4 13. Nc2 a5 14. a4 O-O 15.
b3 Rb8 16. Rab1 1/2-1/2

[Event "Solingen-ch 2013"]
[Site "Solingen"]
[Date "2013.11.08"]
[Round "5.18"]
[White "Schubert, Stefan"]
[Black "Littek, Oliver"]
[Result "1-0"]
[WhiteElo "1091"]
[BlackElo "982"]
[PlyCount "89"]
[EventDate "2013.??.??"]
[EventRounds "7"]
[WhiteTeam "SG Solingen e.V."]
[BlackTeam "SG Solingen e.V."]

1. c4 Nf6 2. Nc3 Nc6 3. g3 e6 4. Bg2 Bc5 5. e3 O-O 6. d4 Bb4 7. Nge2 d5 8. c5
e5 9. a3 Bxc3+ 10. Nxc3 exd4 11. exd4 Re8+ 12. Be3 Ng4 13. Qd3 Nf6 14. O-O Re7
15. f3 Qe8 16. Rae1 g6 17. Bd2 Bf5 18. Rxe7 Nxe7 19. Qb5 Qxb5 20. Nxb5 Bd3 21.
Re1 Bxb5 22. Rxe7 Rc8 23. Bh3 Kf8 24. Re5 Re8 25. Bh6+ Kg8 26. Rxe8+ Nxe8 27.
g4 b6 28. g5 bxc5 29. dxc5 d4 30. Kf2 Ng7 31. Bg4 Nh5 32. Bxh5 gxh5 33. Ke1 Bc6
34. f4 Bb5 35. h4 Bc4 36. Kd2 d3 37. b3 Bxb3 38. Kxd3 Be6 39. Kd4 c6 40. Ke5 a5
41. Kd6 Bd5 42. a4 Be4 43. Kc7 Bc2 44. Kxc6 Bxa4+ 45. Kb6 1-0

[Event "Solingen-ch 2013"]
[Site "Solingen"]
[Date "2013.11.29"]
[Round "6.1"]
[White "Schockenbäumer, Dirk"]
[Black "Kniest, Oliver"]
[Result "1/2-1/2"]
[WhiteElo "2158"]
[BlackElo "2309"]
[PlyCount "44"]
[EventDate "2013.??.??"]
[EventRounds "7"]
[WhiteTeam "SG Solingen e.V."]
[BlackTeam "SG Solingen e.V."]

1. e4 e5 2. Nf3 Nc6 3. Bb5 a6 4. Ba4 Nf6 5. O-O Be7 6. Re1 b5 7. Bb3 d6 8. c3
O-O 9. h3 Na5 10. Bc2 c5 11. d4 Qc7 12. Nbd2 Rd8 13. d5 Bd7 14. Nf1 c4 15. Ng3
g6 16. Bg5 Rdc8 17. Nxe5 dxe5 18. d6 Qxd6 19. Qxd6 Bxd6 20. Bxf6 Bc6 21. Rad1
Nb7 22. Re2 Re8 1/2-1/2

[Event "Solingen-ch 2013"]
[Site "Solingen"]
[Date "2013.11.29"]
[Round "6.2"]
[White "Große-Hering, Peter"]
[Black "Görke, Joachim"]
[Result "0-1"]
[WhiteElo "1926"]
[BlackElo "2094"]
[PlyCount "92"]
[EventDate "2013.??.??"]
[EventRounds "7"]
[WhiteTeam "SV Horst-Emscher 31"]
[BlackTeam "SG Solingen e.V."]

1. Nf3 d5 2. g3 Nf6 3. Bg2 c5 4. d3 Nc6 5. O-O Bg4 6. Nbd2 e6 7. e4 Qc7 8. c3
dxe4 9. dxe4 Be7 10. Qe2 e5 11. Nc4 O-O 12. Ne3 Be6 13. Ng5 Bd7 14. Nd5 Nxd5
15. exd5 Nd8 16. Qh5 Bf5 17. Nf3 g6 18. Qh6 f6 19. Nh4 Nf7 20. Qe3 Bd7 21. f4
c4 22. Qe2 Bd6 23. f5 g5 24. Qg4 Kh8 25. Nf3 Rae8 26. Nd2 Nh6 27. Qh5 Kg7 28.
h4 Bc5+ 29. Kh2 Nxf5 30. Be4 Nh6 31. hxg5 Ng4+ 32. Kh1 f5 33. Bf3 Nf2+ 34. Kg2
e4 35. Qh6+ Kh8 36. Bh5 f4 37. Rxf2 Bxf2 38. Bxe8 Bc5 39. Bg6 f3+ 40. Kh2 Bf5
41. Bxf5 Rxf5 42. Nxe4 f2 43. Bf4 Rxf4 44. gxf4 Qxf4+ 45. Ng3 Be7 46. g6 Qxh6+
0-1

[Event "Solingen-ch 2013"]
[Site "Solingen"]
[Date "2013.11.29"]
[Round "6.3"]
[White "Kesseler, Heiko"]
[Black "Vranidis, Athanassios"]
[Result "0-1"]
[WhiteElo "2024"]
[BlackElo "1861"]
[PlyCount "58"]
[EventDate "2013.??.??"]
[EventRounds "7"]
[WhiteTeam "Elberfelder SG"]
[BlackTeam "SG Solingen e.V."]

1. e4 c5 2. Nf3 d6 3. c3 Nf6 4. h3 g6 5. Bd3 Nc6 6. O-O Bg7 7. Bc2 O-O 8. d4
cxd4 9. cxd4 b6 10. Nc3 Nb4 11. Bb3 Ba6 12. e5 Ne8 13. Re1 Nd3 14. Re4 dxe5 15.
dxe5 Nxc1 16. Rd4 Qb8 17. Rxc1 Bxe5 18. Nd5 Bxd4 19. Nxe7+ Kh8 20. Qxd4+ f6 21.
Ng5 Ng7 22. Qh4 Nh5 23. Ne6 Re8 24. Rc7 Rxe7 25. Rxe7 Qd6 26. Qe4 Rc8 27. Bc4
Qxe7 28. Bxa6 Re8 29. Bc4 Ng7 0-1

[Event "Solingen-ch 2013"]
[Site "Solingen"]
[Date "2013.11.29"]
[Round "6.4"]
[White "Zolfagharian, Kevin"]
[Black "Hobusch, Jan"]
[Result "0-1"]
[WhiteElo "2041"]
[BlackElo "2078"]
[PlyCount "90"]
[EventDate "2013.??.??"]
[EventRounds "7"]
[WhiteTeam "SG Solingen e.V."]
[BlackTeam "SG Solingen e.V."]

1. e4 c6 2. d4 d5 3. e5 c5 4. dxc5 e6 5. Be3 Nd7 6. Nc3 Bxc5 7. Bxc5 Nxc5 8.
Qg4 Kf8 9. Nf3 Ne7 10. O-O-O Bd7 11. h4 Qa5 12. Qf4 Ng6 13. Qe3 Na4 14. Nxa4
Qxa4 15. Rd4 Qxa2 16. h5 Ne7 17. h6 g6 18. Qg5 Qa1+ 19. Kd2 Ke8 20. Qf6 Rf8 21.
Ng5 Rc8 22. Rf4 Nf5 23. Nxh7 Qb1 24. Bd3 Qxh1 25. Nxf8 Qxh6 26. g3 Kxf8 27.
Bxf5 exf5 28. Qd6+ Ke8 29. Qxd5 g5 30. Rd4 Qc6 31. Qb3 Be6 32. Qd3 Qc7 33. Qb5+
Ke7 34. Qa4 Qc6 35. Qa3+ Qc5 36. Qd3 a6 37. f4 Qxd4 38. Qxd4 Rd8 39. Qxd8+ Kxd8
40. Kd3 Kc7 41. Kd4 Kc6 42. c4 gxf4 43. gxf4 b5 44. b3 bxc4 45. bxc4 a5 0-1

[Event "Solingen-ch 2013"]
[Site "Solingen"]
[Date "2013.11.29"]
[Round "6.5"]
[White "Beyer, Fabian"]
[Black "Sherif, Amina"]
[Result "1/2-1/2"]
[WhiteElo "1979"]
[BlackElo "1685"]
[PlyCount "69"]
[EventDate "2013.??.??"]
[EventRounds "7"]
[WhiteTeam "SG Solingen e.V."]
[BlackTeam "SG Solingen e.V."]

1. d4 d5 2. Nf3 Nf6 3. c4 c6 4. Nc3 e6 5. e3 Nbd7 6. Bd3 dxc4 7. Bxc4 b5 8. Bd3
a6 9. a4 Bb7 10. Bd2 Be7 11. O-O O-O 12. Rc1 Rc8 13. Qe2 Qb6 14. b3 b4 15. Ne4
Nxe4 16. Bxe4 Nf6 17. Bd3 c5 18. dxc5 Bxc5 19. Ne5 Rfd8 20. Nc4 Qc6 21. f3 Qd7
22. Bb1 Bd5 23. Rfd1 Qa7 24. Kf1 Rc7 25. e4 Bxc4 26. Rxc4 Rcd7 27. Rcc1 e5 28.
Be1 Qb6 29. Rxd7 Rxd7 30. Bd3 a5 31. Bb5 Rd8 32. Qc4 Be3 33. Rc2 Kf8 34. Qe2
Ne8 35. Bxe8 1/2-1/2

[Event "Solingen-ch 2013"]
[Site "Solingen"]
[Date "2013.11.29"]
[Round "6.6"]
[White "Mentzel, Markus"]
[Black "Maczkowiak, Thomas"]
[Result "1/2-1/2"]
[WhiteElo "1760"]
[BlackElo "1940"]
[PlyCount "36"]
[EventDate "2013.??.??"]
[EventRounds "7"]
[WhiteTeam "SG Solingen e.V."]
[BlackTeam "Märkischer Springer Halver-Schal"]

1. e4 c6 2. d4 d5 3. Nc3 dxe4 4. Nxe4 Bf5 5. Ng3 Bg6 6. N1e2 e6 7. Nf4 Bd6 8.
h4 Qc7 9. Nxg6 hxg6 10. Ne4 Nd7 11. g3 Ngf6 12. Nxd6+ Qxd6 13. Bg2 O-O 14. O-O
Rfe8 15. c3 e5 16. dxe5 Qxd1 17. Rxd1 Rxe5 18. Be3 Nb6 1/2-1/2

[Event "Solingen-ch 2013"]
[Site "Solingen"]
[Date "2013.11.29"]
[Round "6.7"]
[White "Boschek, Dr. Hans-Joachim"]
[Black "Ferger, Jürgen"]
[Result "1/2-1/2"]
[WhiteElo "1921"]
[BlackElo "1852"]
[PlyCount "39"]
[EventDate "2013.??.??"]
[EventRounds "7"]
[WhiteTeam "SV 1922 Hilden"]
[BlackTeam "SG Solingen e.V."]

1. c4 Nf6 2. g3 e6 3. Bg2 d5 4. Nf3 Be7 5. O-O O-O 6. b3 c5 7. cxd5 exd5 8. d4
Nc6 9. Bb2 Ne4 10. dxc5 Bxc5 11. Nd4 Qf6 12. e3 Bf5 13. Nc3 Bxd4 14. Nxe4 Bxe4
15. Bxd4 Nxd4 16. Qxd4 Qxd4 17. exd4 Bxg2 18. Kxg2 Rfe8 19. Rfe1 Kf8 20. Rxe8+
1/2-1/2

[Event "Solingen-ch 2013"]
[Site "Solingen"]
[Date "2013.11.29"]
[Round "6.8"]
[White "Müller, Ernst"]
[Black "Skiber, Friedel"]
[Result "1-0"]
[WhiteElo "1586"]
[BlackElo "1729"]
[PlyCount "83"]
[EventDate "2013.??.??"]
[EventRounds "7"]
[WhiteTeam "SG Solingen e.V."]
[BlackTeam "SG Solingen e.V."]

1. e4 d6 2. d4 Nf6 3. Bd3 g6 4. c3 Bg7 5. Nf3 O-O 6. h3 Nc6 7. Be3 e5 8. d5 Ne7
9. Nbd2 c6 10. c4 Nh5 11. Qc2 f5 12. Nb3 cxd5 13. cxd5 a6 14. Rc1 Kh8 15. Qc7
Nxd5 16. Qxd8 Rxd8 17. Ng5 Nhf4 18. Bf1 Rf8 19. exd5 Nxd5 20. Bd2 b5 21. Rc6
Rf6 22. Rxd6 Bb7 23. Rxf6 Bxf6 24. Na5 Bc8 25. Be2 e4 26. Bc1 Kg7 27. h4 h6 28.
Nh3 Nb4 29. a3 Nc2+ 30. Kd2 Nd4 31. Bd1 Be6 32. Nf4 Bf7 33. Ne2 Ne6 34. Bb3 Re8
35. Kc2 Rc8+ 36. Kb1 Bd8 37. Bd2 Bb6 38. Rf1 Rd8 39. Bc3+ Kf8 40. Nc6 Rc8 41.
Ne5 Re8 42. Nd7+ 1-0

[Event "Solingen-ch 2013"]
[Site "Solingen"]
[Date "2013.11.29"]
[Round "6.9"]
[White "Kissing, Bastian"]
[Black "Grah, Uli"]
[Result "1/2-1/2"]
[WhiteElo "1577"]
[BlackElo "1809"]
[PlyCount "101"]
[EventDate "2013.??.??"]
[EventRounds "7"]
[WhiteTeam "SC Tornado Wuppertal 199"]
[BlackTeam "SG Solingen e.V."]

1. e4 c5 2. Nf3 Nc6 3. d4 cxd4 4. Nxd4 g6 5. c4 Bg7 6. Be3 Nf6 7. Nc3 O-O 8.
Be2 d6 9. O-O Bd7 10. f4 a6 11. Qd2 Ng4 12. Bxg4 Bxg4 13. f5 gxf5 14. h3 f4 15.
Rxf4 Bd7 16. Nf5 Bxf5 17. Rxf5 Ne5 18. Bh6 e6 19. Bxg7 Kxg7 20. Rh5 Rh8 21.
Qh6+ Kg8 22. Kh1 Ng6 23. Rf1 Rc8 24. b3 Rc5 25. e5 Qf8 26. Qe3 Rxe5 27. Rxe5
dxe5 28. Ne4 h6 29. Nf6+ Kg7 30. Nh5+ Kh7 31. Qa7 Qe7 32. c5 Rf8 33. Nf6+ Kg7
34. Ne4 Nf4 35. Nd6 Qg5 36. Qxb7 Kg6 37. Qe4+ f5 38. Qf3 Nd5 39. g4 f4 40. Qd3+
Kg7 41. Qxa6 Qh4 42. Rf3 Ne3 43. Qe2 Nxg4 44. Qg2 h5 45. Kg1 Qe1+ 46. Rf1 Qe3+
47. Kh1 Rh8 48. Qb7+ Kg6 49. Qf7+ Kg5 50. Qg7+ Kh4 51. hxg4 1/2-1/2

[Event "Solingen-ch 2013"]
[Site "Solingen"]
[Date "2013.11.29"]
[Round "6.10"]
[White "Falge, Rainer"]
[Black "Nink, Niklas"]
[Result "0-1"]
[WhiteElo "1731"]
[BlackElo "1454"]
[PlyCount "142"]
[EventDate "2013.??.??"]
[EventRounds "7"]
[WhiteTeam "SG Solingen e.V."]
[BlackTeam "SG Solingen e.V."]

1. e4 c5 2. Nf3 d6 3. d4 cxd4 4. Nxd4 Nf6 5. Nc3 a6 6. Nf3 e5 7. Bc4 Be7 8. Ng5
O-O 9. f4 Nbd7 10. O-O b5 11. Bb3 Nc5 12. Nd5 Nxb3 13. Nxe7+ Qxe7 14. axb3 h6
15. fxe5 dxe5 16. Nf3 Qc5+ 17. Kh1 Nxe4 18. Qe2 Bb7 19. Be3 Qc7 20. Rac1 Rfe8
21. c4 bxc4 22. bxc4 a5 23. Qc2 Nc5 24. Rcd1 Be4 25. Qc3 Rab8 26. Ra1 Ra8 27.
Rad1 f6 28. Qa3 Rec8 29. Nd2 Bd3 30. Rfe1 e4 31. Bxc5 Qxc5 32. Qxc5 Rxc5 33.
Nxe4 Bxe4 34. Rxe4 Rb8 35. Rd2 a4 36. Rc2 a3 37. b4 Rxb4 38. Kg1 Ra5 39. Ree2
Rba4 40. Ra2 Rxc4 41. Re3 Rca4 42. Kf2 Kf7 43. Ke2 Re5 44. Kd2 Rxe3 45. Kxe3
Ke6 46. Kd3 Ke5 47. Kc3 g5 48. Kb3 Ra7 49. Re2+ Kf4 50. Rf2+ Ke3 51. Rf3+ Ke4
52. Ka2 Rd7 53. Rxf6 h5 54. Re6+ Kf5 55. Re2 Ra7 56. Rf2+ Ke4 57. Re2+ Kf4 58.
Rf2+ Kg4 59. Rc2 Ra4 60. Rc3 h4 61. h3+ Kf4 62. Rf3+ Ke4 63. Rf2 Ra5 64. Re2+
Kf4 65. Rf2+ Kg3 66. Rc2 Rf5 67. Kxa3 Rf2 68. Rc5 Rxg2 69. Rxg5+ Kxh3 70. Rb5
Rf2 71. Kb3 Kg2 0-1

[Event "Solingen-ch 2013"]
[Site "Solingen"]
[Date "2013.11.22"]
[Round "6.11"]
[White "Kopernok, Ingo"]
[Black "Meckel, Helmut"]
[Result "0-1"]
[WhiteElo "1058"]
[BlackElo "1831"]
[PlyCount "60"]
[EventDate "2013.??.??"]
[EventRounds "7"]
[WhiteTeam "SG Solingen e.V."]
[BlackTeam "SG Solingen e.V."]

1. d4 Nf6 2. Nf3 e6 3. Bf4 c5 4. c3 cxd4 5. cxd4 Nc6 6. e3 Bb4+ 7. Nbd2 Ne4 8.
Bd3 f5 9. O-O d5 10. a3 Bd6 11. Ne5 Qf6 12. Bb5 O-O 13. Bxc6 bxc6 14. Nxc6 Bxf4
15. exf4 Ba6 16. Nxe4 fxe4 17. Re1 Qxf4 18. Ne7+ Kh8 19. Qh5 Qxf2+ 20. Kh1 Rf6
21. b4 Raf8 22. h3 Qxd4 23. Red1 Bd3 24. Rac1 e3 25. Nc6 Qe4 26. Nxa7 e2 27.
Re1 Rf1+ 28. Rxf1 exf1=Q+ 29. Rxf1 Rxf1+ 30. Kh2 Qf4+ 0-1

[Event "Solingen-ch 2013"]
[Site "Solingen"]
[Date "2013.11.29"]
[Round "6.12"]
[White "Krämer, Roland"]
[Black "Schubert, Florian"]
[Result "1-0"]
[WhiteElo "1637"]
[BlackElo "984"]
[PlyCount "47"]
[EventDate "2013.??.??"]
[EventRounds "7"]
[WhiteTeam "SF Josefsheim Bigge"]
[BlackTeam "SG Solingen e.V."]

1. e4 e5 2. Nf3 Nc6 3. Nc3 Nf6 4. d4 Bb4 5. dxe5 Bxc3+ 6. bxc3 Nxe4 7. Qd3 Nc5
8. Qe3 O-O 9. Qxc5 Re8 10. Be3 d6 11. exd6 cxd6 12. Qh5 Ne5 13. Nxe5 Rxe5 14.
Qf3 Qc7 15. Kd2 Bf5 16. Bd3 Bxd3 17. cxd3 Rc8 18. Bd4 Rb5 19. Rab1 Qa5 20. Rxb5
Qxb5 21. Rc1 Qb2+ 22. Rc2 Qa3 23. Qg4 Re8 24. Qxg7# 1-0

[Event "Solingen-ch 2013"]
[Site "Solingen"]
[Date "2013.11.29"]
[Round "6.13"]
[White "Sherif, Malik"]
[Black "Nguyen, Gia Huy Philipp"]
[Result "0-1"]
[WhiteElo "1454"]
[BlackElo "1625"]
[PlyCount "54"]
[EventDate "2013.??.??"]
[EventRounds "7"]
[WhiteTeam "SG Solingen e.V."]
[BlackTeam "SG Solingen e.V."]

1. Nf3 Nf6 2. g3 g6 3. Bg2 Bg7 4. O-O O-O 5. c4 d6 6. d4 Nc6 7. Nc3 a6 8. h3
Bf5 9. Re1 Ne4 10. Bf4 e5 11. Nxe4 exf4 12. Nc3 fxg3 13. fxg3 Na5 14. e4 Bd7
15. Qd3 c5 16. d5 Re8 17. Re2 Rb8 18. Rae1 b5 19. b3 bxc4 20. bxc4 Rb4 21. Nd2
Qf6 22. Re3 Qd4 23. a3 Rb2 24. R1e2 Bh6 25. Nf3 Bxe3+ 26. Rxe3 Qxd3 27. Rxd3
Nxc4 0-1

[Event "Solingen-ch 2013"]
[Site "Solingen"]
[Date "2013.11.29"]
[Round "6.14"]
[White "Kaiser, Stephan"]
[Black "Ehringfeld, Michael"]
[Result "1-0"]
[WhiteElo "1483"]
[BlackElo "1360"]
[PlyCount "81"]
[EventDate "2013.??.??"]
[EventRounds "7"]
[WhiteTeam "SG Solingen e.V."]
[BlackTeam "SG Solingen e.V."]

1. d4 d5 2. c4 c6 3. Bf4 Nf6 4. e3 Bf5 5. Nc3 e6 6. a3 Bd6 7. Bg5 Nbd7 8. Nf3
Bg4 9. Be2 Qb8 10. h3 Bxf3 11. Bxf3 h6 12. Bxf6 Nxf6 13. O-O O-O 14. Rc1 Re8
15. cxd5 exd5 16. b4 b5 17. Re1 a5 18. Qb3 axb4 19. axb4 Qb6 20. Rcd1 Ra7 21.
Qb1 Rea8 22. Qb2 Qd8 23. e4 dxe4 24. Bxe4 Nxe4 25. Rxe4 Qf8 26. d5 cxd5 27.
Nxd5 Ra2 28. Qd4 R2a4 29. Nf6+ Kh8 30. Nd7 Qd8 31. Qxd6 R4a6 32. Qd3 Ra1 33.
Ree1 R1a3 34. Qxb5 Qh4 35. Ne5 Ra2 36. Qc5 Kg8 37. Nf3 Qf6 38. Qc4 Qb2 39. Rd2
Qf6 40. Rxa2 Rd8 41. Rc2 1-0

[Event "Solingen-ch 2013"]
[Site "Solingen"]
[Date "2013.11.29"]
[Round "6.15"]
[White "Barche, Robert"]
[Black "Fränzel, Dr. Marius"]
[Result "1-0"]
[WhiteElo "1257"]
[BlackElo "1687"]
[PlyCount "121"]
[EventDate "2013.??.??"]
[EventRounds "7"]
[WhiteTeam "SG Solingen e.V."]
[BlackTeam "SG Solingen e.V."]

1. c4 e5 2. g3 Nf6 3. Bg2 c6 4. d4 exd4 5. Qxd4 Na6 6. Nc3 Bc5 7. Qe5+ Qe7 8.
Nf3 h6 9. Bf4 O-O 10. O-O Re8 11. a3 Bb6 12. e3 Qf8 13. Qd6 Bc7 14. Qd4 Nh5 15.
Bxc7 Nxc7 16. Ne4 d5 17. cxd5 Nxd5 18. Nc3 Nxc3 19. Qxc3 Nf6 20. Rad1 Bg4 21.
Qd4 Red8 22. Qe5 Rxd1 23. Rxd1 Rd8 24. Rd4 c5 25. Rd2 Rxd2 26. Nxd2 Qd8 27. Qc3
b6 28. f3 Be6 29. Kf2 Nd5 30. Qd3 Qf6 31. f4 Nc7 32. Be4 g6 33. Ke1 Kg7 34. Qc2
Nd5 35. Kf2 Qe7 36. Nc4 Nf6 37. Bf3 Ng4+ 38. Kg2 Bxc4 39. Bxg4 Ba6 40. e4 Bb7
41. Bf3 f6 42. Kf2 Qd7 43. g4 Qd4+ 44. Kg3 Ba6 45. h4 Bd3 46. Qd2 c4 47. Qb4
Qg1+ 48. Bg2 Kf7 49. Qd6 Qe1+ 50. Kh2 Qxh4+ 51. Kg1 f5 52. e5 Qe7 53. Bd5+ Kf8
54. Qxg6 Qc5+ 55. Kh2 Qf2+ 56. Bg2 Qh4+ 57. Kg1 fxg4 58. Qd6+ Kg7 59. Qd7+ Kg6
60. Qe8+ Kf5 61. Qf7+ 1-0